000 00426nam a2200169 a 4500
001 0000-8540
003 ELIB.Books
008 110520 1963
035 _a(ELIB.Books)0000-8685
082 _a230
_bBea
100 _aBea, Augustin Cardinal
245 _aThe Unity of Christians
260 _bNew York: Herder and Herder
_c1963
650 _aTheology
942 _2ddc
_cBK
998 _cbat
_e2011-05-20
999 _c8540
_d8540